| 000 | 01033cab a2200253 4500 | ||
|---|---|---|---|
| 001 | WB3202-46 | ||
| 008 | 090401t1995 xxu||||| |||| 00| 0 eng d | ||
| 035 | _a(Sirsi) u61779 | ||
| 041 | _aeng | ||
| 245 | _aNegligence | ||
| 260 | _c1995 | ||
| 350 | _a0 | ||
| 490 |
_aEstates Gazette Case Summaries _v(1995) EGCS 201(1) (06/01/96) |
||
| 520 | _a"Holt and another v Payne Skillington and another" CA 18 December 1995. Concerned the failure of the appellants (P and X) to advise on the planning status of a building purchased by H. Court accepted that tort duties may arise which are wider than those imposed by a contract between parties but "held" that X was not liable in tort. Appeal allowed. | ||
| 650 | _aHOLT AND ANOTHER V PAYNE SKILLINGTON AND ANOTHER | ||
| 650 | _aNEGLIGENCE | ||
| 650 | _aNEGLIGENT MISSTATEMENT | ||
| 650 | _aPLANNING PERMISSION | ||
| 650 | _aSURVEYORS | ||
| 650 | _aTORTIOUS LIABILITY | ||
| 690 | _aMANAGEMENT-BUSINESS MANAGEMENT-PROFESSIONAL PRACTICE | ||
| 942 | _n0 | ||
| 948 | _c04/03/1997 | ||
| 999 |
_c38314 _d38314 |
||